| 000 | 01335nam a22003497a 4500 | ||
|---|---|---|---|
| 003 | CHAP | ||
| 005 | 20220329143355.0 | ||
| 008 | 090122s2008 mx a r 00010 spa d | ||
| 010 | _a95686 | ||
| 011 | _a96658 | ||
| 035 | _a107314 | ||
| 040 | _cCHAP | ||
| 090 | _aTesis | ||
| 100 | 1 |
_aMedina Mendoza, Carmen _973996 |
|
| 245 | 1 | 0 |
_aEstudios de crioconservación mediante encapsulación - deshidratación y vitrificación y caracterización molecular de Laelia speciosa (H.B.K. Schltr) _c/por Medina Mendoza Carmen |
| 260 |
_aChapingo, Méx. : _bEl autor, _c2008 |
||
| 300 |
_ax, 104 h. : _bilus., gráfs. |
||
| 502 | _aTesis (M.C. en Biotecnología Agrícola) -- UACH. Departamento de Fitotecnia | ||
| 590 |
_aALEPH _b10 _c20130110 _lUCH01 _h1525 |
||
| 590 |
_aBATCH-UPD _b10 _c20130110 _lUCH01 _h0613 |
||
| 590 |
_aBATCH-UPD _b10 _c20130110 _lUCH01 _h2318 |
||
| 590 |
_aBATCH-UPD _b10 _c20130410 _lUCH01 _h0256 |
||
| 590 |
_aBATCH-UPD _b10 _c20130914 _lUCH01 _h1107 |
||
| 590 |
_aCONVERSION _b10 _c20130109 _lUCH01 _h1353 |
||
| 650 | 1 | 4 |
_aCriopreservación. _928937 |
| 650 | 1 | 4 |
_aOrquidáceas _xPropagación. _983733 |
| 650 | 1 | 4 |
_aOrquidáceas _xSemilla. _983738 |
| 901 | _aBK | ||
| 942 | _cFOLL | ||
| 949 |
_aTesis _bBC _cTES _d33724002081975 _eTS2 _fc..2 _h48533 _i107314 _si |
||
| 949 |
_aTesis _bBC _cTES _d33724002082017 _eTS1 _h48532 _i107314 _sb |
||
| 999 |
_c95686 _d95686 |
||